The Anniversary (John Donne) Quiz Stats

 Plays Quiz not verified by Sporcle

Also try: Literary Grab Bag
Challenge
Share
Tweet
Embed
Score 0/241 Timer 10:00
0 Plays Today
Answer % Correct
and
100%
the
100%
a
100%
and
100%
100%
and
100%
and
100%
and
100%
a
100%
100%
And
100%
the
100%
and
100%
and
100%
and
100%
and
100%
and
100%
the
100%
All
88.9%
all
88.9%
all
88.9%
is
88.9%
by
88.9%
i
88.9%
All
88.9%
our
88.9%
love
88.9%
love
88.9%
love
88.9%
all
88.9%
is
88.9%
love
88.9%
is
88.9%
our
88.9%
time
77.8%
it
77.8%
was
77.8%
when
77.8%
thou
77.8%
to
77.8%
no
77.8%
no
77.8%
nor
77.8%
it
77.8%
from
77.8%
us
77.8%
no
77.8%
we
77.8%
when
77.8%
to
77.8%
from
77.8%
we
77.8%
be
77.8%
no
77.8%
we
77.8%
we
77.8%
be
77.8%
nor
77.8%
be;
77.8%
we?
77.8%
to
77.8%
us
77.8%
us
77.8%
us
77.8%
us
77.8%
we
77.8%
to
77.8%
their
66.7%
of
66.7%
as
66.7%
year
66.7%
one
66.7%
their
66.7%
This
66.7%
but
66.7%
one
66.7%
as
66.7%
as
66.7%
in
66.7%
one
66.7%
in
66.7%
Answer % Correct
with
66.7%
with
66.7%
But
66.7%
where
66.7%
but
66.7%
this,
66.7%
their
66.7%
their
66.7%
but
66.7%
but
66.7%
can
66.7%
of
66.7%
Who
66.7%
so
66.7%
as
66.7%
Where
66.7%
can
66.7%
do
66.7%
one
66.7%
of
66.7%
this
66.7%
of
66.7%
which
55.6%
pass
55.6%
now
55.6%
another
55.6%
only
55.6%
hath
55.6%
hath
55.6%
away
55.6%
day.
55.6%
thine
55.6%
my
55.6%
if
55.6%
another
55.6%
these
55.6%
then
55.6%
shall
55.6%
then
55.6%
shall
55.6%
now
55.6%
are
55.6%
kings
44.4%
favourites
44.4%
glory
44.4%
honours
44.4%
beauties
44.4%
wits
44.4%
sun
44.4%
itself
44.4%
makes
44.4%
they
44.4%
elder
44.4%
first
44.4%
saw:
44.4%
things
44.4%
decay;
44.4%
tomorrow
44.4%
yesterday
44.4%
first
44.4%
Two
44.4%
must
44.4%
death
44.4%
were
44.4%
Must
44.4%
death
44.4%
eyes
44.4%
or
44.4%
there
44.4%
kings
44.4%
kings
44.4%
two.
44.4%
let
44.4%
let
44.4%
threescore:
44.4%
second
44.4%
reign.
44.4%
than
33.3%
other
33.3%
destruction
33.3%
draw
33.3%
Answer % Correct
running
33.3%
never
33.3%
runs
33.3%
keeps
33.3%
last
33.3%
graves
33.3%
hide
33.3%
other
33.3%
at
33.3%
last
33.3%
souls
33.3%
other
33.3%
graves
33.3%
souls
33.3%
graves
33.3%
more
33.3%
than
33.3%
Here
33.3%
earth
33.3%
none
33.3%
safe
33.3%
none
33.3%
treason
33.3%
except
33.3%
live
33.3%
write
33.3%
everlasting
22.2%
corse
22.2%
might
22.2%
divorce.
22.2%
prince
22.2%
leave
22.2%
true
22.2%
being
22.2%
bodies
22.2%
throughly
22.2%
blessed
22.2%
rest.
22.2%
upon
22.2%
such
22.2%
such
22.2%
True
22.2%
again
22.2%
unto
22.2%
till
22.2%
truly
11.1%
his
11.1%
Alas
11.1%
well
11.1%
princes
11.1%
(who
11.1%
enough
11.1%
be.)
11.1%
ears
11.1%
oft
11.1%
fed
11.1%
oaths
11.1%
sweet
11.1%
salt
11.1%
tears;
11.1%
nothing
11.1%
dwells
11.1%
(all
11.1%
thoughts
11.1%
inmates.)
11.1%
prove
11.1%
increased
11.1%
above
11.1%
remove.
11.1%
subjects
11.1%
false
11.1%
fears
11.1%
refrain
11.1%
nobly
11.1%
add
11.1%
years
11.1%
years
11.1%
years
11.1%
attain
11.1%

You're not logged in!

Compare scores with friends on all Sporcle quizzes.
Join for Free
OR
Log In

You Might Also Like...

Show Comments

Extras

Created Jan 1, 2014ReportNominate
Tags:donne, John Donne

Top Quizzes Today


Score Distribution

Your Account Isn't Verified!

In order to create a playlist on Sporcle, you need to verify the email address you used during registration. Go to your Sporcle Settings to finish the process.

Report this User

Report this user for behavior that violates our Community Guidelines.

Details: